000 00453nam a2200181Ia 4500
001 1544
005 20260306143736.0
008 260306t2013||||xx |||||||||||||| ||spa||
041 _aESP
082 _a150.9
_bG78
100 _aGrande-García, Israel
_eAUT
245 0 _aPsicología:
_bhistoria, teoría y procesos básicos
260 _c2013
300 _axii, 263 páginas :
_c23 cm.
650 _aGEN
654 _aCPS
942 _cLIB
_dJUS
_fJUS
_2ddc
_n
999 _c1544
_d1544